<?xml version="1.0" encoding="UTF-8"?>
<record
    xmlns:xsi="http://www.w3.org/2001/XMLSchema-instance"
    xsi:schemaLocation="http://www.loc.gov/MARC21/slim http://www.loc.gov/standards/marcxml/schema/MARC21slim.xsd"
    xmlns="http://www.loc.gov/MARC21/slim">

  <leader>03970njm a2200589Ia 4500</leader>
  <controlfield tag="001">90558</controlfield>
  <controlfield tag="003">IT-RoPAU</controlfield>
  <controlfield tag="005">20220918181123.0</controlfield>
  <controlfield tag="008">131025s9999    xx            000 0 und d</controlfield>
  <datafield tag="040" ind1=" " ind2=" ">
    <subfield code="a">IT-RoPAU</subfield>
  </datafield>
  <datafield tag="040" ind1=" " ind2=" ">
    <subfield code="c">IT-RoPAU</subfield>
  </datafield>
  <datafield tag="999" ind1=" " ind2=" ">
    <subfield code="c">99928</subfield>
    <subfield code="d">99928</subfield>
  </datafield>
  <datafield tag="999" ind1=" " ind2=" ">
    <subfield code="b">n.d.</subfield>
  </datafield>
  <datafield tag="100" ind1=" " ind2=" ">
    <subfield code="a">AA.VV.</subfield>
    <subfield code="9">794</subfield>
  </datafield>
  <datafield tag="100" ind1=" " ind2=" ">
    <subfield code="e">Autore musica</subfield>
    <subfield code="9">27171</subfield>
  </datafield>
  <datafield tag="100" ind1=" " ind2=" ">
    <subfield code="g">Codice autore musica SPICS: 12000</subfield>
    <subfield code="9">796</subfield>
  </datafield>
  <datafield tag="245" ind1=" " ind2=" ">
    <subfield code="a">Dave Brubeck</subfield>
  </datafield>
  <datafield tag="250" ind1=" " ind2=" ">
    <subfield code="a">2a ed.</subfield>
  </datafield>
  <datafield tag="260" ind1=" " ind2=" ">
    <subfield code="a">MILANO</subfield>
  </datafield>
  <datafield tag="260" ind1=" " ind2=" ">
    <subfield code="b">RUSCONI</subfield>
    <subfield code="c">1990 [1a Ed.:0]</subfield>
  </datafield>
  <datafield tag="300" ind1=" " ind2=" ">
    <subfield code="a">DISCO</subfield>
  </datafield>
  <datafield tag="300" ind1=" " ind2=" ">
    <subfield code="c">51 minuti (Testo: 0 pag.)</subfield>
  </datafield>
  <datafield tag="500" ind1=" " ind2=" ">
    <subfield code="a">Musica jazz. Disco fuori commercio allegato al n. 12 1990 della rivista "Musica jazz". Popolare pianista Dave Brubeck nelle sue pi&#xF9; significative incisioni: ottetto, trio, quartetto con il suo grande partner Paul Desmond</subfield>
  </datafield>
  <datafield tag="505" ind1=" " ind2=" ">
    <subfield code="a">What Is This Thing Called Love (3:00) - The Way You Look Tonight [(San Francisco, luglio 1950) (3:00)] - Blue Moon [(San Francisco, settembre 1949) (3:00)] - Undecided [(San Francisco, settembre 1949) (3:00)] - You Go To My Head [(Storyville, Boston, ottobre 1952) (8:00)] - I May Be Wrong [(San Francisco, settembre 1952) (3:00)] - Pan Dance [(Los Angeles, 20 marzo 1961) (4:00)] - Perdido [(Oberlin College, Oberlin, Ohio, 2 marzo 1953) (8:00)] - Chorale [(San Francisco, febbraio 1957) (5:00)] - These Foolish Things [(Oberlin College, Oberlin, Ohio, 2 marzo 1953)(7:00)] - Lydian Line [(New York, maggio-giugno 1960) (6:00)]</subfield>
  </datafield>
  <datafield tag="511" ind1=" " ind2=" ">
    <subfield code="a">Collins Dick: tr; Collins Bob: trne; Desmond Paul: alto; Van Kriedt Dave: ten; Smith Bill: cl e bar; Brubeck Dave: p; Crotty Ron: cb; Tjader Cal: batt</subfield>
  </datafield>
  <datafield tag="511" ind1=" " ind2=" ">
    <subfield code="a">Brubeck Dave: p; Crotty Ron: cb; Tjader Cal: batt</subfield>
  </datafield>
  <datafield tag="511" ind1=" " ind2=" ">
    <subfield code="a">Brubeck Dave: p; Crotty Ron: cb; Tjader Cal: batt, vib</subfield>
  </datafield>
  <datafield tag="511" ind1=" " ind2=" ">
    <subfield code="a">Desmond Paul: alto; Brubeck Dave: p</subfield>
  </datafield>
  <datafield tag="511" ind1=" " ind2=" ">
    <subfield code="a">Desmond Paul: alto; Brubeck Dave: p; Ruther Wyatt: cb; Davis Lloyd: batt</subfield>
  </datafield>
  <datafield tag="511" ind1=" " ind2=" ">
    <subfield code="a">Smith Bill: cl; Brubeck Dave: p; Wright Gene: cb; Morello Joe: batt</subfield>
  </datafield>
  <datafield tag="511" ind1=" " ind2=" ">
    <subfield code="a">Desmod Paul: alto; Brubeck Dave: p; Crotty Ron: cb; Davis Lloyd: batt</subfield>
  </datafield>
  <datafield tag="511" ind1=" " ind2=" ">
    <subfield code="a">Desmod Paul: alto; Van Kriedt Dave: ten; Brubeck Dave: p; Bates Norman: cb; Morello Joe: batt</subfield>
  </datafield>
  <datafield tag="650" ind1=" " ind2=" ">
    <subfield code="a">JAZZ [DISCHI]</subfield>
    <subfield code="e">Codice MATERIA SPICS: 9950</subfield>
    <subfield code="9">27172</subfield>
  </datafield>
  <datafield tag="700" ind1=" " ind2=" ">
    <subfield code="a">Brubeck Dave</subfield>
    <subfield code="g">Codice interprete SPICS: 16404</subfield>
    <subfield code="e">Interprete</subfield>
    <subfield code="9">27173</subfield>
  </datafield>
  <datafield tag="700" ind1=" " ind2=" ">
    <subfield code="a">Porter Cole</subfield>
    <subfield code="g">Codice autore musica SPICS: 13034</subfield>
    <subfield code="e">Autore musica</subfield>
    <subfield code="p">What Is This Thing Called Love</subfield>
    <subfield code="9">27174</subfield>
  </datafield>
  <datafield tag="700" ind1=" " ind2=" ">
    <subfield code="a">Kern Jerome</subfield>
    <subfield code="g">Codice autore musica SPICS: 10779</subfield>
    <subfield code="e">Autore musica</subfield>
    <subfield code="p">The Way You Look Tonight </subfield>
    <subfield code="9">27175</subfield>
  </datafield>
  <datafield tag="700" ind1=" " ind2=" ">
    <subfield code="a">Fields Dorothy</subfield>
    <subfield code="g">Codice autore SPICS: 15865</subfield>
    <subfield code="e">Autore</subfield>
    <subfield code="p">The Way You Look Tonight </subfield>
    <subfield code="9">27176</subfield>
  </datafield>
  <datafield tag="700" ind1=" " ind2=" ">
    <subfield code="a">Rodger Ian</subfield>
    <subfield code="g">Codice autore musica SPICS: 16612</subfield>
    <subfield code="e">Autore musica</subfield>
    <subfield code="p">Blue Moon</subfield>
    <subfield code="9">27177</subfield>
  </datafield>
  <datafield tag="700" ind1=" " ind2=" ">
    <subfield code="a">Hart Lorenz</subfield>
    <subfield code="g">Codice autore SPICS: 10738</subfield>
    <subfield code="e">Autore</subfield>
    <subfield code="p">Blue Moon</subfield>
    <subfield code="9">27178</subfield>
  </datafield>
  <datafield tag="700" ind1=" " ind2=" ">
    <subfield code="a">Shavers</subfield>
    <subfield code="g">Codice autore musica SPICS: 20174</subfield>
    <subfield code="e">Autore musica</subfield>
    <subfield code="p">Undecided</subfield>
    <subfield code="9">27179</subfield>
  </datafield>
  <datafield tag="700" ind1=" " ind2=" ">
    <subfield code="a">Robin Leo</subfield>
    <subfield code="g">Codice autore SPICS: 20175</subfield>
    <subfield code="e">Autore</subfield>
    <subfield code="p">Undecided</subfield>
    <subfield code="9">27180</subfield>
  </datafield>
  <datafield tag="700" ind1=" " ind2=" ">
    <subfield code="a">Gillespie Dizzy</subfield>
    <subfield code="g">Codice autore musica SPICS: 10777</subfield>
    <subfield code="e">Autore musica</subfield>
    <subfield code="p">You Go To My Head</subfield>
    <subfield code="9">27181</subfield>
  </datafield>
  <datafield tag="700" ind1=" " ind2=" ">
    <subfield code="a">Coots F.</subfield>
    <subfield code="g">Codice autore SPICS: 22825</subfield>
    <subfield code="e">Autore</subfield>
    <subfield code="p">You Go To My Head</subfield>
    <subfield code="9">27182</subfield>
  </datafield>
  <datafield tag="700" ind1=" " ind2=" ">
    <subfield code="a">Sullivan Joe</subfield>
    <subfield code="g">Codice autore musica SPICS: 16326</subfield>
    <subfield code="e">Autore musica</subfield>
    <subfield code="p">I May Be Wrong</subfield>
    <subfield code="9">27183</subfield>
  </datafield>
  <datafield tag="700" ind1=" " ind2=" ">
    <subfield code="a">Ruskin John</subfield>
    <subfield code="g">Codice autore SPICS: 662</subfield>
    <subfield code="e">Autore musica</subfield>
    <subfield code="p">I May Be Wrong</subfield>
    <subfield code="9">27184</subfield>
  </datafield>
  <datafield tag="700" ind1=" " ind2=" ">
    <subfield code="a">Smith Bill</subfield>
    <subfield code="g">Codice autore musica SPICS: 16332</subfield>
    <subfield code="e">Autore musica</subfield>
    <subfield code="p">Pan Dance - Lydian Line</subfield>
    <subfield code="9">27185</subfield>
  </datafield>
  <datafield tag="700" ind1=" " ind2=" ">
    <subfield code="a">Tizol Juan</subfield>
    <subfield code="g">Codice autore musica SPICS: 20356</subfield>
    <subfield code="e">Autore musica</subfield>
    <subfield code="p">Perdido</subfield>
    <subfield code="9">27186</subfield>
  </datafield>
  <datafield tag="700" ind1=" " ind2=" ">
    <subfield code="a">Bach Johann Sebastian</subfield>
    <subfield code="g">Codice autore musica SPICS: 9695</subfield>
    <subfield code="e">Autore musica</subfield>
    <subfield code="p">Chorale</subfield>
    <subfield code="9">27187</subfield>
  </datafield>
  <datafield tag="700" ind1=" " ind2=" ">
    <subfield code="a">Van Kriedt Dave</subfield>
    <subfield code="g">Codice autore SPICS: 32674</subfield>
    <subfield code="e">Autore</subfield>
    <subfield code="p">Chorale</subfield>
    <subfield code="9">27188</subfield>
  </datafield>
  <datafield tag="700" ind1=" " ind2=" ">
    <subfield code="a">Marvell</subfield>
    <subfield code="g">Codice autore musica SPICS: 20297</subfield>
    <subfield code="e">Autore musica</subfield>
    <subfield code="p">These Foolish Things</subfield>
    <subfield code="9">27189</subfield>
  </datafield>
  <datafield tag="700" ind1=" " ind2=" ">
    <subfield code="a">Link</subfield>
    <subfield code="g">Codice autore SPICS: 20295</subfield>
    <subfield code="e">Autore</subfield>
    <subfield code="p">These Foolish Things</subfield>
    <subfield code="9">27190</subfield>
  </datafield>
  <datafield tag="942" ind1=" " ind2=" ">
    <subfield code="c">MD</subfield>
    <subfield code="2">ddc</subfield>
  </datafield>
  <datafield tag="952" ind1=" " ind2=" ">
    <subfield code="0">0</subfield>
    <subfield code="1">0</subfield>
    <subfield code="4">0</subfield>
    <subfield code="6">90558_000000000000000</subfield>
    <subfield code="7">1</subfield>
    <subfield code="a">SPICS</subfield>
    <subfield code="b">SPICS</subfield>
    <subfield code="d">2013-10-25</subfield>
    <subfield code="l">0</subfield>
    <subfield code="o">90558</subfield>
    <subfield code="r">2013-10-25 00:00:00</subfield>
    <subfield code="w">2013-10-25</subfield>
    <subfield code="y">MD</subfield>
    <subfield code="z">Progr. Ins.: 21782 / N.Vol.: 1 / Copie: 1 - Copia rara: n.d. / date import: 01.01.2014 - By Epidotti, Trombetti, Vaglietti</subfield>
  </datafield>
</record>
